000 00774am a2200313a 44500
003 AR-BaBNM
005 20251128211147.0
008 253020s2003 #AR|||||||||||000 | esp||
020 _a950-07-2273-9
040 _cAR-BaBNM
100 1 _aSebreli, Juan José
245 1 0 _aCrítica de las ideas políticas argentinas
250 _a3ª ed.
260 _aBuenos Aires
_bSudamericana
_c2003
300 _a512 p.
650 4 _aHISTORIA ARGENTINA
650 4 _aPOLITICA
650 4 _aLIBERALISMO
650 4 _aNACIONALISMO
650 4 _aAUTORITARISMO
650 4 _aPARTIDOS POLITICOS ARGENTINOS
650 4 _aDEMOCRACIA
650 4 _aSINDICALISMO
650 4 _aMARXISMO
653 _aPOPULISMO
653 _aPERONISMO
942 _cBK
998 _cMariana
999 _c18512
_d18512